| 000 | 00715nam a2200241Ia 4500 | ||
|---|---|---|---|
| 003 | OSt | ||
| 005 | 20220925194658.0 | ||
| 006 | a|||||r|||| 00| 0 | ||
| 007 | ta | ||
| 008 | 220923b |||||||| |||| 00| 0 eng d | ||
| 020 | _ceuro 40.00 | ||
| 037 |
_b33786, 29/09/1987, IBD _cGeneral Book |
||
| 040 |
_aRTL _cRTL _beng |
||
| 041 |
_2eng _aeng |
||
| 082 | _aX:3L:(B), M7/TD | ||
| 100 |
_aGoodwin _9119598 |
||
| 245 | 0 |
_aDynamics of capitalist economy _b A multisectoral a |
|
| 260 |
_aCambridge _bPolity Press _c1987 |
||
| 300 |
_axiv,402p _ccm. |
||
| 700 | _a Punzo | ||
| 942 |
_hX:3L:(B), M7/TD _cGB _2CC |
||
| 999 |
_c530363 _d530363 |
||